| 000 | 01314cam a2200337 a 4500 | ||
|---|---|---|---|
| 001 | EDZ0000072004 | ||
| 003 | StDuBDS | ||
| 005 | 20161031105115.0 | ||
| 006 | m||||||||d|||||||| | ||
| 007 | cr ||||||||||| | ||
| 008 | 120412s2005 enk fo| 001|0|eng d | ||
| 020 |
_a9781446219256 (ebook) : _cNo price |
||
| 040 |
_aStDuBDS _beng _cStDuBDS _epn |
||
| 049 | _aAlfaisal Main Library | ||
| 050 | 0 |
_aHM621 _b.B48 2005 |
|
| 082 | 0 | 4 |
_a306.01 _223 |
| 100 | 1 |
_aBennett, Andy, _d1963- |
|
| 245 | 1 | 0 |
_aCulture and everyday life _h[electronic resource] / _cAndy Bennett. |
| 260 |
_aLondon : _bSAGE, _cc2005. |
||
| 300 | _a1 online resource ([viii], 192 p.) | ||
| 504 | _aIncludes bibliographical references and index. | ||
| 520 | 8 | _aThis volume presents an overview of the key theoretical models applied in the study of contemporary cultural practices and their application in everyday settings. It shows how academic thinking about mass culture has evolved. | |
| 521 | _aSpecialized. | ||
| 588 | _aDescription based on print version record. | ||
| 650 | 0 | _aCulture. | |
| 655 | 7 |
_aElectronic books. _2local |
|
| 710 | 2 | _aSage eBooks | |
| 776 | 0 | 8 |
_iPrint version : _z9780761963905 |
| 856 | 4 | 0 | _uhttp://ezproxy.alfaisal.edu/login?url=http://sk.sagepub.com/books/culture-and-everyday-life |
| 942 |
_2lcc _cEBOOKS |
||
| 999 |
_c479439 _d479439 |
||